[Event "DSOL 02 Liga Gr-B 1st"]
[Site "Playchess.com INT"]
[Date "2020.06.25"]
[Round "1.3"]
[White "Zobel, Andrej"]
[Black "Henn, Marcus"]
[Result "0-1"]
[WhiteElo "2022"]
[BlackElo "1976"]
[PlyCount "102"]
[EventDate "2020.06.22"]
[EventType "team-tourn (rapid)"]
[EventCountry "GER"]
[SourceTitle "EXT 2021"]
[Source "ChessBase"]
[SourceDate "2020.10.23"]
[SourceVersion "1"]
[SourceVersionDate "2020.10.23"]
[SourceQuality "1"]
[WhiteTeam "Eppendorf Johanneum II"]
[BlackTeam "Erkenschwick"]
[WhiteTeamCountry "GER"]
[BlackTeamCountry "GER"]

1. d4 Nf6 2. c4 e6 3. Nc3 Bb4 4. f3 0-0 5. e4 d5 6. e5 Nfd7 7. a3 Bxc3+ 8. bxc3 dxc4 9. Bxc4 Nxe5 10. Be2 Ng6 11. Nh3 c5 12. 0-0 cxd4 13. cxd4 Nc6 14. Be3 b6 15. Rc1 Bb7 16. Nf2 Nge7 17. Ne4 Nf5 18. Bf2 Nfxd4 19. Bc4 Rc8 20. Qa4 Ne5 21. Ba6 Qd7 22. Qxd7 Nxd7 23. Rxc8 Bxc8 24. Bxd4 Bxa6 25. Rc1 Rc8 26. Rxc8+ Bxc8 27. Nd6 Ba6 28. Ne8 Kf8 29. Nd6 Ke7 30. Ne4 e5 31. Be3 f5 32. Nc3 Ke6 33. Kf2 f4 34. Bd2 g5 35. Ne4 h6 36. Bc3 Bd3 37. Nd2 Nf6 38. Nb3 h5 39. Nc1 Bc2 40. Ke2 Ba4 41. Bb2 Bb5+ 42. Kf2 Bc4 43. Ne2 Bxe2 44. Kxe2 e4 45. fxe4 Nxe4 46. Kd3 Kd5 47. Bc1 Nc5+ 48. Kc3 Ke4 49. Kc4 a6 50. Bd2 Nd3 51. a4 Ne5+ 0-1

[Event "Hamburg-ch MA"]
[Site "Hamburg"]
[Date "2017.06.10"]
[Round "8"]
[White "Zobel, Andrej"]
[Black "Schroeder, Christoph"]
[Result "0-1"]
[WhiteElo "2018"]
[BlackElo "2182"]
[PlyCount "38"]
[EventDate "2017.06.03"]
[EventType "swiss"]
[EventRounds "9"]
[EventCountry "GER"]
[SourceTitle "CBM 179 Extra"]
[Source "ChessBase"]
[SourceDate "2017.08.23"]
[SourceVersion "1"]
[SourceVersionDate "2017.08.23"]
[SourceQuality "1"]

1. d4 Nf6 2. c4 e6 3. Nc3 Bb4 4. f3 c5 5. d5 b5 6. Nh3 bxc4 7. e4 0-0 8. Bxc4 Nxd5 9. Bxd5 exd5 10. Qxd5 Ba6 11. Bd2 Nc6 12. 0-0-0 Nd4 13. Nf2 Rb8 14. Kb1 Qa5 15. Rc1 Ba3 16. Nfd1 Bxb2 17. Nxb2 Qb4 18. Nca4 Qxa4 19. Bc3 Bc4 0-1

[Event "Oberliga Nord N 1415"]
[Site "Germany"]
[Date "2014.10.19"]
[Round "2.7"]
[White "Spaet, Alexander"]
[Black "Zobel, Andrej"]
[Result "1/2-1/2"]
[WhiteElo "2014"]
[BlackElo "2032"]
[PlyCount "34"]
[EventDate "2014.09.21"]
[EventType "team-tourn"]
[EventRounds "9"]
[EventCountry "GER"]
[SourceTitle "EXT 2016"]
[Source "ChessBase"]
[SourceDate "2015.10.08"]
[SourceVersion "1"]
[SourceVersionDate "2015.10.08"]
[SourceQuality "1"]
[WhiteTeam "Hamburg Koenigsspringer"]
[BlackTeam "Eppendorf Johanneum"]
[WhiteTeamCountry "GER"]
[BlackTeamCountry "GER"]

1. e4 e5 2. Nc3 Nf6 3. g3 Bc5 4. Bg2 a6 5. Nge2 Nc6 6. d3 d6 7. 0-0 Be6 8. Nd5 Ne7 9. d4 Ba7 10. dxe5 dxe5 11. Nec3 Nd7 12. b3 0-0 13. Ba3 Bc5 14. Bxc5 Nxc5 15. Qh5 Nd7 16. Rad1 c6 17. Ne3 Qa5 1/2-1/2

[Event "Oberliga Nord N 1213"]
[Site "Germany"]
[Date "2013.02.24"]
[Round "7.8"]
[White "Celmer, Ole"]
[Black "Zobel, Andrej"]
[Result "0-1"]
[WhiteElo "1857"]
[BlackElo "2018"]
[PlyCount "54"]
[EventDate "2012.10.14"]
[EventType "team-tourn"]
[EventRounds "9"]
[EventCountry "GER"]
[SourceTitle "EXT 2015"]
[Source "ChessBase"]
[SourceDate "2014.11.20"]
[SourceVersion "1"]
[SourceVersionDate "2014.11.20"]
[SourceQuality "1"]
[WhiteTeam "Rostock"]
[BlackTeam "Eppendorf"]
[WhiteTeamCountry "GER"]
[BlackTeamCountry "GER"]

1. e4 e5 2. Nf3 Nc6 3. Bc4 Bc5 4. c3 Nf6 5. d3 d6 6. 0-0 Bb6 7. a4 Be6 8. Nbd2 a6 9. h3 0-0 10. Re1 Qe7 11. Bxe6 fxe6 12. Nc4 Ba7 13. d4 exd4 14. cxd4 Nxe4 15. Rxe4 d5 16. Bg5 Qe8 17. Re1 dxc4 18. d5 Nb4 19. dxe6 Nd3 20. Re2 Rxf3 21. gxf3 Qg6 22. Qd2 h6 23. h4 hxg5 24. Qxg5 Qxg5+ 25. hxg5 Re8 26. Rd1 Nf4 27. Re4 Nh3+ 0-1

[Event "Hamburg St Pauli op-A"]
[Site "Hamburg"]
[Date "2010.07.11"]
[Round "2"]
[White "Zobel, Andrej"]
[Black "Zimmermann, Julian"]
[Result "0-1"]
[WhiteElo "2048"]
[BlackElo "2291"]
[PlyCount "98"]
[EventDate "2010.07.10"]
[EventType "swiss"]
[EventRounds "9"]
[EventCountry "GER"]
[SourceTitle "EXT 2013"]
[Source "ChessBase"]
[SourceDate "2012.11.22"]
[SourceVersion "1"]
[SourceVersionDate "2012.11.22"]
[SourceQuality "1"]

1. d4 Nf6 2. c4 g6 3. Nc3 Bg7 4. e4 d6 5. f3 a6 6. Be3 Nbd7 7. Qd2 c5 8. Nge2 b6 9. 0-0-0 Bb7 10. Bh6 Bxh6 11. Qxh6 cxd4 12. Nxd4 Rc8 13. Kb1 Rg8 14. Nd5 e6 15. Ne3 Qc7 16. Be2 Qc5 17. Nb3 Qc7 18. Qh4 g5 19. Qe1 Rd8 20. Rd4 Nc5 21. Qc3 Ke7 22. Rhd1 g4 23. Qe1 gxf3 24. gxf3 Nxb3 25. axb3 Qc5 26. Qh4 Qh5 27. Qf2 Qe5 28. Qh4 Qh5 29. Qf2 Qg5 30. b4 a5 31. bxa5 Qxa5 32. Qh4 Qh5 33. Qf2 Qg5 34. Bf1 Qf4 35. Bd3 Rg5 36. Bc2 Rh5 37. R4d2 Rh3 38. Nf1 Rxf3 39. Qxb6 Bxe4 40. Ng3 Bxc2+ 41. Rxc2 Nd7 42. Qc7 Rb8 43. Rcd2 Qe5 44. Qxd6+ Qxd6 45. Rxd6 Ne5 46. c5 Rfb3 47. Ne4 Rxb2+ 48. Ka1 R2b4 49. Nc3 Rc4 0-1

[Event "Vienna op 16th"]
[Site "Vienna"]
[Date "2009.08.15"]
[Round "1"]
[White "Zobel, Andrej"]
[Black "Ootes, Lars"]
[Result "0-1"]
[WhiteElo "2042"]
[BlackElo "2261"]
[PlyCount "112"]
[EventDate "2009.08.15"]
[EventType "swiss"]
[EventRounds "9"]
[EventCountry "AUT"]
[SourceTitle "CBM 131 Extra"]
[Source "ChessBase"]
[SourceDate "2009.09.03"]
[SourceVersion "2"]
[SourceVersionDate "2009.09.16"]
[SourceQuality "1"]

1. d4 d6 2. e4 Nf6 3. f3 d5 4. e5 Ng8 5. Bd3 c5 6. c3 Nc6 7. Ne2 Qb6 8. dxc5 Qxc5 9. Bf4 f6 10. exf6 gxf6 11. Nd2 e5 12. Bg3 Bh6 13. Nb3 Qb6 14. f4 Bg4 15. h3 Bh5 16. Bf2 Qc7 17. 0-0 Nge7 18. fxe5 fxe5 19. Bg3 Qb6+ 20. Kh2 e4 21. Bc2 Qe3 22. Nbd4 Rg8 23. Qe1 0-0-0 24. Nxc6 Nxc6 25. Nf4 Bxf4 26. Bxf4 Rxg2+ 27. Kxg2 Bf3+ 28. Kh2 Qxf4+ 29. Qg3 Qe3 30. Bd1 Ne5 31. Bxf3 Nxf3+ 32. Kh1 Qb6 33. Rf2 Rd6 34. Qg8+ Kc7 35. Qg3 Kc6 36. c4 Rg6 37. cxd5+ Kd7 38. Rxf3 Rxg3 39. Rxg3 Qf2 40. Rg2 Qf3 41. Kh2 Kd6 42. Re1 Kxd5 43. Ree2 e3 44. Rc2 Kd4 45. Rc3 b5 46. Rg4+ Kd5 47. Rg5+ Ke4 48. Rg4+ Kf5 49. Rc5+ Kf6 50. Rc3 b4 51. Rb3 a5 52. Rg3 Qf2+ 53. Rg2 Qf4+ 54. Rg3 Kf5 55. Rbxe3 Qf2+ 56. Kh1 Kf4 0-1

[Event "NRW-Cup Masters op"]
[Site "Muenster"]
[Date "1997.??.??"]
[Round "9"]
[White "Lehmann, Holger"]
[Black "Zobel, Andrej"]
[Result "1-0"]
[WhiteElo "2160"]
[BlackElo "2080"]
[PlyCount "81"]
[EventDate "1997.10.??"]
[EventType "swiss"]
[EventRounds "9"]
[EventCountry "GER"]
[SourceTitle "CBM 060 Extra"]
[Source "ChessBase"]
[SourceDate "1997.11.04"]
[SourceVersion "1"]
[SourceVersionDate "1997.11.04"]
[SourceQuality "1"]

1. d4 Nf6 2. c4 g6 3. Nc3 Bg7 4. e4 d6 5. h3 0-0 6. Bg5 c5 7. d5 e6 8. Bd3 exd5 9. exd5 Nbd7 10. Nf3 Re8+ 11. Be3 Bh6 12. 0-0 Bxe3 13. fxe3 Qe7 14. e4 a6 15. Qd2 Kg7 16. Rf2 Ng8 17. Raf1 f6 18. a3 Nh6 19. Be2 Nf7 20. b4 b6 21. Nh2 Nde5 22. Qf4 f5 23. exf5 Bxf5 24. h4 Rf8 25. Qg3 Bd7 26. Rf4 Nh6 27. Ne4 Rxf4 28. Rxf4 Re8 29. Ng5 Rf8 30. Rxf8 Qxf8 31. Qc3 Qf6 32. Ne4 Qxh4 33. Nxd6 Qd4+ 34. Qxd4 cxd4 35. c5 bxc5 36. bxc5 Nhf7 37. Nxf7 Kxf7 38. Bxa6 d3 39. Kf2 Ba4 40. Ke3 Ke7 41. Bxd3 1-0

[Event "NRW-Cup Masters op"]
[Site "Muenster"]
[Date "1997.??.??"]
[Round "7"]
[White "Prang, Edgar"]
[Black "Zobel, Andrej"]
[Result "1-0"]
[WhiteElo "2325"]
[BlackElo "2080"]
[PlyCount "77"]
[EventDate "1997.10.??"]
[EventType "swiss"]
[EventRounds "9"]
[EventCountry "GER"]
[SourceTitle "CBM 060 Extra"]
[Source "ChessBase"]
[SourceDate "1997.11.04"]
[SourceVersion "1"]
[SourceVersionDate "1997.11.04"]
[SourceQuality "1"]

1. Nf3 Nf6 2. g3 g6 3. b3 Bg7 4. Bb2 d6 5. d4 b6 6. Bg2 Bb7 7. 0-0 0-0 8. c4 c5 9. Nc3 cxd4 10. Nxd4 Bxg2 11. Kxg2 Qc7 12. e4 Nc6 13. Rc1 Qb7 14. f3 Rad8 15. Nxc6 Qxc6 16. Nd5 Nxd5 17. cxd5 Qb7 18. Bxg7 Kxg7 19. Qd4+ Kg8 20. Rc6 Rc8 21. Rfc1 Rfd8 22. a4 e5 23. Qc4 Rxc6 24. dxc6 Qc7 25. b4 Kf8 26. b5 Rc8 27. Rd1 Qe7 28. h4 Rd8 29. Qd5 Qc7 30. f4 exf4 31. gxf4 Qe7 32. Kg3 Qe6 33. e5 Qxd5 34. Rxd5 Ke7 35. c7 Rc8 36. exd6+ Kd7 37. Kf3 Re8 38. Rd4 h5 39. f5 1-0

[Event "NRW-Cup Masters op"]
[Site "Muenster"]
[Date "1997.??.??"]
[Round "4"]
[White "Zobel, Andrej"]
[Black "Michalczak, Thomas"]
[Result "1/2-1/2"]
[WhiteElo "2080"]
[BlackElo "2275"]
[PlyCount "131"]
[EventDate "1997.10.??"]
[EventType "swiss"]
[EventRounds "9"]
[EventCountry "GER"]
[SourceTitle "CBM 060 Extra"]
[Source "ChessBase"]
[SourceDate "1997.11.04"]
[SourceVersion "1"]
[SourceVersionDate "1997.11.04"]
[SourceQuality "1"]

1. e4 Nc6 2. Nf3 e5 3. Bb5 a6 4. Ba4 Nf6 5. 0-0 Be7 6. Re1 b5 7. Bb3 0-0 8. c3 d5 9. exd5 Nxd5 10. Nxe5 Nxe5 11. Rxe5 c6 12. d4 Bd6 13. Re1 Qh4 14. g3 Qh3 15. Be3 Bg4 16. Qd3 Rae8 17. Nd2 f5 18. f4 Kh8 19. Bxd5 cxd5 20. Qf1 Qh5 21. a4 bxa4 22. Rxa4 g5 23. Raa1 h6 24. Qxa6 Re6 25. Qf1 Rfe8 26. Qf2 gxf4 27. Bxf4 Re2 28. Rxe2 Rxe2 29. Qxe2 Bxe2 30. Bxd6 Bd3 31. Re1 Qg4 32. Kg2 Be4+ 33. Nxe4 fxe4 34. Bf4 Qf3+ 35. Kg1 Kh7 36. Be3 Kg6 37. Bf4 Kh5 38. h3 Kg6 39. Re3 Qd1+ 40. Kf2 h5 41. g4 h4 42. Bc7 Qd2+ 43. Re2 Qd3 44. Re3 Qd2+ 45. Re2 Qd3 46. Re3 Qb5 47. Re2 Qd7 48. Bf4 Qf7 49. Ke3 Qb7 50. Kf2 Qa6 51. Rd2 Qa1 52. Re2 Qh1 53. Re3 Qb1 54. Re2 Qd3 55. Be3 Qa6 56. Bf4 Qf6 57. Ke3 Kh7 58. Rd2 Qa6 59. Kf2 Kg6 60. Re2 Qa1 61. Bc7 Qh1 62. Re3 Qc1 63. Re2 Qh1 64. Re3 Qb1 65. Re2 Qd3 66. Re3 1/2-1/2